Chemická kinetika
Salvato in:
| Autore principale: | |
|---|---|
| Natura: | Software eBook |
| Lingua: | ceco |
| Soggetti: | |
| Accesso online: | Visualizza in OPAC |
| Tags: |
Nessun Tag, puoi essere il primo ad aggiungerne!!
|
MARC
| LEADER | 00000nam a2200000 a 4500 | ||
|---|---|---|---|
| 005 | 20260127134223.0 | ||
| 007 | co ug| | u | ||
| 008 | 080429 2008 xr s 000 0 cze d | ||
| 020 | |a 9788070806708 | ||
| 035 | |a vtls009290495 | ||
| 039 | 9 | |y 200804291120 |z mschk02 | |
| 040 | |a STUSCHK1 |b slo |c STUSCHK1 |e AACR2 | ||
| 080 | |a 541 | ||
| 100 | 1 | |a Bartovská, Lidmila |9 483 | |
| 245 | 1 | |a Chemická kinetika |h elektronický zdroj | |
| 300 | |a elektronický optický disk | ||
| 500 | |a CD-Rom | ||
| 650 | 0 | |a chemická kinetika | |
| 910 | |a SCHK95 | ||
| 919 | |a 978-80-7080-670-8 | ||
| 999 | |c 7018 |d 7018 | ||